Quizzes
Events
Quiz Creation
Community
Videos
Private Events
Remove Ads
Sign In
Join for FREE
Feedback
Dark Mode
Quiz Categories
Sports
Geography
Music
Movies
Television
Just For Fun
Miscellaneous
History
Literature
Language
Science
Gaming
Entertainment
Religion
Holiday
For Kids
Quiz Lab
Recent
Popular Today
Quiz Kudos Today
Editor Picks
Curator Picks
Quizzes by...
Day
Popularity
Type
Ratings
Length
Year
Community
Subscriptions
Recent Discussions
Orange Saloon
Badges
Playlists
Quests
Create
Leaderboards
Showdown
Live 5
Trivia Bingo
Activity
Puzzle Library
Sporcle Events
Private Events
Virtual Trivia
Globe League
Become a Host
Pub Owners
SporcleCon
Opinionation
Our Games
Videos
Blog
Mobile Apps
Partnerships
Remove Ads and Go Orange
Feedback
Religion
Mythology
Religious Music
World Religions
Bible
Christianity
Catholicism
Judaism
Church
Scripture
Islam
Verse
Religion
Mythology
Religious Music
World Religions
Bible
Christianity
Catholicism
Judaism
Church
Scripture
Islam
Verse
Random Quiz
Search Sporcle
×
Quiz Lab
Quiz Lab
Religion
Judaism
Select answers by clicking on text or image buttons
Select answers by clicking on text or image buttons
Clickable
Best Score? Go Orange.
Judaism Basics Stats
Judaism Basics
By
eldonrafael2
10m
71 Questions
37 Plays
37 Plays
37 Plays
Comments
Comments
Give Quiz Kudos
Give Quiz Kudos
-
- Ratings
hide this ad
Forced Order
Answers have to be entered in order
Answers have to be entered in order
Random Order
Randomize order of answers
Randomize order of answers
Replay
Link that replays current quiz
Next Quiz
Link to next quiz in quiz playlist
You Got
0%
They Got
Avg Score
31%
Avg Friend Score
Upgrade to see
Score Distribution
Jump to the score distribution portion of the page
Score
0/71
Timer
10:00
0
Plays Today
% Correct
Torah (Instruction)
75.7%
Diaspora
67.6%
Judah
54.1%
Shabbat
51.4%
Hanukkah
51.4%
Ashkenazi
48.6%
Rosh Hashanah
45.9%
Pesach (Passover)
45.9%
Kipah (Yarmulke)
45.9%
Bar mitzvah
45.9%
Bablyonian Exile
43.2%
Kabbalah
43.2%
Yom Kippur
43.2%
Sukkot (Succot)
43.2%
Purim
43.2%
Seder
43.2%
Kosher
43.2%
Sephardi
40.5%
Pogrom
37.8%
Tefillin
37.8%
Maccabees
35.1%
Crypto-Jews
35.1%
Mezuzah
35.1%
Ha-shem (The Name) or Adonai (My Lord)
35.1%
7
35.1%
Gemara
32.4%
Shema
32.4%
Shavuot
32.4%
Brit Milah
32.4%
Huppah
32.4%
Synagogue
29.7%
Conservative Judaism
29.7%
Reconstructionist Judaism
29.7%
Theodor Herzl
29.7%
332 BC
28.6%
Reform Judaism
27%
% Correct
Noahide Covenant
27%
Abrahamic Covenant
27%
Davidic Covenant
27%
Tanakh
27%
Pray for Forgiveness
27%
Tzedakah
27%
Shivah
27%
Treif
27%
Samaria
24.3%
Mishnah
24.3%
Marranos
24.3%
Mosaic Covenant
24.3%
Herod the Great
24.3%
Moses Maimonides
24.3%
Acknowledge Wrongdoing
24.3%
Ketubah
24.3%
Ezra
21.6%
Pharisees
21.6%
Tikkun Olam
21.6%
Sadducees
18.9%
Essenes
18.9%
Zealots
18.9%
Orthodox Judaism
18.9%
Halakha
18.9%
Hasmonean Empire
18.9%
Talmud
18.9%
Act of Compensation
18.9%
Destruction of the Temple
18.9%
1096
17.1%
Hasidim
16.2%
Jewish Revolt
16.2%
Antiochus IV
16.2%
Genuine Resolution to Avoid Sin
16.2%
1897
14.3%
9th-11th Century
11.4%
Quiz Playlist
Details
Report
Send in Message
Add To Playlist
Clickable:
Select answers by clicking on text or image buttons
Forced Order:
Answers have to be entered in order
Random Order:
Randomize order of answers
Last Updated: Aug 3, 2017
Quiz Scoreboard
CHALLENGE
Sign Up to Join the Scoreboard
Show All
Scores
Hide
Comments
May contain spoilers
Recently Published
TV Characters by Other Roles V
by ghcgh
Television
5m
Decade Duel: World Leaders
by jenniferyan
History
4m
Alphabetical 'K' Countries by Flag Minefield
by ylime102
Geography
3m
More to Explore
Quiz From the Vault
Featured Blog Post
15 Basketball Trivia Facts You Can Be March Mad About
hide this ad
You Might Also Like...
Tags
Clickable Quiz
Judaism Quiz
basic
Today's Top Quizzes in Religion
Browse Religion
hide this ad
Today's Top Quizzes in Judaism
Browse Judaism
Top Contributed Quizzes in Religion
1
4-to-1 Blitz: The Bible
2
Follow That Line: Easter Verses
3
Bible Bunker: Genesis
4
Quick Pick: Continental Religions
5
Word Ladder: Mythological Mothers
6
Complete the Bible Duos
7
Get the Picture: Seasonal Deities
8
Bible Bunker: Exodus
9
What do you know about Nowruz?
10
Mythology in Media: Jesus
Explore More
Trending Topics
Marvel
NBA
Harry Potter
Crossword
Disney
Anime
Kpop
The Office
Soccer
Country
WWE
Puzzle
NFL
Pokémon
Song
hide this ad
More By:
eldonrafael2
Quiz
Plays
Rating
Category
Featured
Created
Judaism Basics
37
2.00
Religion
Feb 20, 2017
Go to Creator's Profile
Score Distribution
Quiz Creator Spotlight
eldonrafael2
Follow
Send a Message
Quizzes Created
-
Created Quiz Play Count
-
More By This Creator
Popular Quizzes Today
1
Countries of Asia Without Outlines Minefield
2
Find the US States - No Outlines Minefield
3
Pick 6: Fruits
4
The Countries of the World
5
Alphabetical 'K' Countries by Flag Minefield
6
Find the Countries of Europe - No Outlines Minefield
7
US States
8
Find the US States
More Religion Quizzes
Gods in Pop Culture
Curator's Pick
Trending Quizzes
Pick 6: Mountains
Pick 6: Harry Potter
Pick 6: Flags
Pick 6: NFL Teams
Pick 6: Movie Franchises
Recently Updated
Adaptations: Name the Title
pecheneg
NWSL Teams
pecheneg
Women's Final Four Teams by Year
bhenderson79
Presidents Quartet II
eogle
Anything But Clue(do)
eogle
Anything But Oceanian Capitals
eogle
Anything But 7
eogle
Anything But Thing
eogle
Word Ladder: February 29
pecheneg
Song Title Questions
pecheneg
Trending Topics
NBA
Kpop
Crossword
Marvel
Harry Potter
Disney
Anime
Puzzle
NFL
Soccer
The Office
Pokémon
Country
WWE
Song
Your Account Isn't Verified!
In order to create a playlist on Sporcle, you need to verify the email address you used during registration. Go to your
Sporcle Settings
to finish the process.
Report this User
Report this user for behavior that violates our
Community Guidelines
.
Details:
Send Report
Go to the Sporcle.com Mobile Site →
Comments